000 00466nam a2200169Ia 4500
003 OSt
005 20260317115708.0
008 211028s2017 xx 000 0 und d
040 _cAIMIT LIBRARY
041 _aeng
100 _aShetty, Sandesh; Shetty, Annapoorna.
_g141733
_94828
110 _aRuban S
_94829
245 _aRoad Progress Monitoring System /
260 _aBangalore
_c2017
710 _aQuest Innovative Solutions Pvt Ltd
_94830
942 _2ddc
_cPRO
999 _c217702
_d217702